00674nam a2200217Ia 4500003000900000008004100009040001300050040001300063041000800076100001300084245008300097250001000180260000800190260000900198300001100207300001000218490000600228942000700234999001700241952019800258IT-RoPAU120407s9999 xx 000 0 und d aIT-RoPAU cIT-RoPAU aita aPaolo VI aNoi siamo con voi. Paolo VI all’Azione Cattolica. Discorsi 1967-1977 2a ed. aRoma  aAve c1977 a141 p. c22 cm v1 cBK c25620d25620 00102ddc406267_10000000000000071aPAULUSbPAULUSd2012-04-11l0o267.1r2012-04-11 00:00:00w2012-04-11yBKzInserito da: Mario In data: 19 settembre 2011 fondo: Via A.Severo 56 Progr:27167